000 00715nam a22001577a 4500
003 OSt
005 20150913095003.0
008 150913b xxu||||| |||| 00| 0 eng d
040 _cRUA
082 _aAGR TEK 1998 B020 Or.1
100 _9365
_aTEK, TOP.
245 _aការវីភាគផល អនុផលព្រៃឈើដែលប្រជាជ​ននៅក្នុងភូមិស្នំប្រាំពីរប្រមូលបានពីឧទ្យា​នជាតិបូកគោ ( analysis of timber and non-timber forest products collected by villagers in snamprampi from bokor national park)
260 _aPhnom Penh
_bRUA
_c1998
300 _a61p.
_bill.
_c29cm.
942 _2ddc
_cAGR
999 _c345
_d345